Dendrologický sborník

Bibliographic Details
Format: Journal
Language:Czech
Published: Opava Slezské muzeum 1958-1961

MARC

LEADER 00000cas a2200000 a 4500
001 vtls001422581
003 SK-MaSNL
005 20260221114119.0
008 011018d19581961xr ar p 0 0b0cze c
035 |a SNK000377447 
040 |a SNK  |b slo  |c SNK  |e AACR2 
041 0 |a cze 
044 |a xr  |c CZ 
222 0 |a Dendrologický sborník 
245 0 0 |a Dendrologický sborník 
246 3 1 |a Acta dendrologica čechoslovaca 
260 |a Opava  |b Slezské muzeum  |c 1958-1961 
310 |a 1x ročne 
362 0 |a Roč. 1 (1958)-roč. 3 (1961) 
910 |a snk 
999 |c 3294  |d 5224 
952 |0 0  |1 1  |4 0  |7 0  |a SNK  |b SNK  |d 2001-10-15  |l 0  |o snkČC 1406/2/1959-60  |p 17A0317854  |r 2005-01-02 00:00:00  |w 2026-02-21  |y PREZ 
952 |0 0  |1 1  |4 0  |7 0  |a SNK  |b SNK  |d 2001-10-18  |l 0  |o snkČC 1406/3/1961  |p 17A0319308  |r 2005-01-02 00:00:00  |w 2026-02-21  |y PREZ 
952 |0 0  |1 1  |4 0  |7 0  |a SNK  |b SNK  |d 2001-10-18  |l 0  |o snkČC 1406/1/1958  |p 17A0319307  |r 2005-01-02 00:00:00  |w 2026-02-21  |y PREZ